| 000 | 01375cam a2200337 4500 | ||
|---|---|---|---|
| 008 | 090401t1998 xxu||||| |||| 00| 0 eng d | ||
| 020 | _a0902896172 | ||
| 035 | _a(Sirsi) u88727 | ||
| 041 | _aeng | ||
| 050 | _a658.404 | ||
| 110 |
_aUniversity of Salford. _93465 |
||
| 245 | 2 | _aA generic guide to the design and construction process protocol. | |
| 260 |
_aSalford _bUniversity of Salford _c1998 |
||
| 300 | _a95p. ; 30cm. | ||
| 350 | _a75 | ||
| 520 | _aThe process protocol, which is a common set of definitions, documentation and procedures providing the basics to allow the wide range of organisations involved in a construction project to work together, was produced a result of collaboration between a number of organisations within the construction industry. The companies involved were Alfred McAlpine (Special Projects), BAA plc, B.T., Advanced Visual Technology Ltd., Capita, Waterman Partnership and Boulton & Paul. | ||
| 650 | _aCONSTRUCTION INDUSTRY | ||
| 650 | _aCONSTRUCTION PROJECTS | ||
| 650 | _aDOCUMENTS | ||
| 650 | _aPROJECT DOCUMENTATION | ||
| 650 | _aPROJECT PROTOCOLS | ||
| 690 |
_aProject management _96261 |
||
| 700 | _aKagioglou, Michail | ||
| 700 | _aCooper, Rachel | ||
| 700 | _aAouad, Ghassan | ||
| 700 | _aHinks, John | ||
| 700 | _aSexton, Martin | ||
| 700 | _aSheath, Darryl M. | ||
| 942 | _n0 | ||
| 948 | _c29/09/1998 | ||
| 999 |
_c97378 _d97378 |
||